|
|
|
|
| LEADER |
00000nam2a2200000 4500 |
| 001 |
260822 |
| 005 |
20231101233518.0 |
| 035 |
|
|
|a (RuTPU)RU\TPU\book\283792
|
| 035 |
|
|
|a RU\TPU\book\283606
|
| 090 |
|
|
|a 260822
|
| 100 |
|
|
|a 20140519d1982 m y0rusy50 ca
|
| 101 |
1 |
|
|a fre
|c rus
|
| 102 |
|
|
|a RU
|
| 105 |
|
|
|a a j 001zy
|
| 200 |
0 |
|
|a Т. 1: Механика
|d Mecanique
|
| 210 |
|
|
|d 1982
|
| 215 |
|
|
|a 552 с.
|c ил.
|
| 320 |
|
|
|a Именной указатель: с. 541-542.
|
| 320 |
|
|
|a Предметный указатель: с. 543-548.
|
| 461 |
|
1 |
|0 (RuTPU)RU\TPU\book\283606
|t Общий курс физики
|l Cours de Physique Generale
|f Д. В. Сивухин
|v Т. 1: Механика
|d 1982
|
| 510 |
1 |
|
|a Mécanique
|z fre
|
| 606 |
1 |
|
|a Физика
|2 stltpush
|3 (RuTPU)RU\TPU\subj\63709
|9 80688
|
| 606 |
1 |
|
|a Механика
|2 stltpush
|3 (RuTPU)RU\TPU\subj\67812
|9 83462
|
| 610 |
1 |
|
|a учебные пособия
|
| 610 |
1 |
|
|a кинематика
|
| 610 |
1 |
|
|a работа
|
| 610 |
1 |
|
|a энергия
|
| 610 |
1 |
|
|a движение
|
| 610 |
1 |
|
|a гармонические колебания
|
| 610 |
1 |
|
|a твердые тела
|
| 610 |
1 |
|
|a тяготение
|
| 610 |
1 |
|
|a жидкости
|
| 610 |
1 |
|
|a газы
|
| 610 |
1 |
|
|a упругие тела
|
| 675 |
|
|
|a 53(075.8)
|v 3
|
| 675 |
|
|
|a 531(075.8)
|v 3
|
| 801 |
|
0 |
|a RU
|b 63413507
|c 20011210
|g PSBO
|
| 801 |
|
2 |
|a RU
|b 63413507
|c 20140829
|g PSBO
|
| 900 |
|
|
|a Физика
|
| 942 |
|
|
|c BK
|